<?xml version="1.0" encoding="UTF-8"?>
<record
    xmlns:xsi="http://www.w3.org/2001/XMLSchema-instance"
    xsi:schemaLocation="http://www.loc.gov/MARC21/slim http://www.loc.gov/standards/marcxml/schema/MARC21slim.xsd"
    xmlns="http://www.loc.gov/MARC21/slim">

  <leader>02247nam a2200301   4500</leader>
  <controlfield tag="001">445</controlfield>
  <controlfield tag="003">OSt</controlfield>
  <controlfield tag="005">20250701104710.0</controlfield>
  <controlfield tag="008">250701b        |||||||g |||| 00| j eng d</controlfield>
  <datafield tag="020" ind1=" " ind2=" ">
    <subfield code="a">9788508134830</subfield>
  </datafield>
  <datafield tag="040" ind1=" " ind2=" ">
    <subfield code="b">por</subfield>
  </datafield>
  <datafield tag="041" ind1=" " ind2=" ">
    <subfield code="a">por</subfield>
  </datafield>
  <datafield tag="082" ind1=" " ind2=" ">
    <subfield code="a">028.5</subfield>
    <subfield code="b">B214g</subfield>
  </datafield>
  <datafield tag="100" ind1="1" ind2=" ">
    <subfield code="a">Bandeira, Pedro</subfield>
    <subfield code="d">1942-</subfield>
    <subfield code="9">977</subfield>
  </datafield>
  <datafield tag="245" ind1=" " ind2=" ">
    <subfield code="a">O Grande Desafio /</subfield>
    <subfield code="c">Bandeira, Pedro ; Ilustra&#xE7;&#xF5;es de Kris Zullo</subfield>
  </datafield>
  <datafield tag="250" ind1=" " ind2=" ">
    <subfield code="a">8 ed.</subfield>
  </datafield>
  <datafield tag="260" ind1=" " ind2=" ">
    <subfield code="a">S&#xE3;o Paulo</subfield>
    <subfield code="b">&#xC1;tica</subfield>
    <subfield code="c">2010</subfield>
  </datafield>
  <datafield tag="300" ind1=" " ind2=" ">
    <subfield code="a">160 p.</subfield>
    <subfield code="b">il.</subfield>
  </datafield>
  <datafield tag="520" ind1=" " ind2=" ">
    <subfield code="a">Toni se destaca em tudo. &#xC9; um dos melhores alunos da escola, excelente nadador e fera em computadores. Ele pode fazer tudo o que um garoto de sua idade &#xE9; capaz. Ou quase tudo...
Inseguro em rela&#xE7;&#xE3;o a garotas, Toni n&#xE3;o sabe o que fazer para conquistar Carla. A dist&#xE2;ncia entre os dois desaparece no dia em que o pai da garota &#xE9; preso. Toni n&#xE3;o acredita na culpa de seu Afonso e, com a ajuda de Carla, tenta desvendar o mist&#xE9;rio por tr&#xE1;s do crime.
Conspira&#xE7;&#xF5;es e terr&#xED;veis segredos escondem-se entre as paredes do conceituado Col&#xE9;gio Professora Cidinha Moura. Para superar os obst&#xE1;culos e descobrir a verdade, Toni precisar&#xE1; de muita coragem e determina&#xE7;&#xE3;o. Mas isso ele tem de sobra...


O rep&#xFA;dio &#xE0; censura, o horror a qualquer tipo de viol&#xEA;ncia, a lembran&#xE7;a das pessoas presas e desaparecidas tiveram, sem d&#xFA;vida, parte grande na mat&#xE9;ria que fecunda o misterioso momento da cria&#xE7;&#xE3;o das hist&#xF3;rias dos Karas. Talvez se deva a esta s&#xE1;bia mistura entre o individual e o coletivo, que h&#xE1; mais de vinte anos a turma dos Karas - Miguel, Calu, Cr&#xE2;nio, Magr&#xED; e Chumbinho - alimente o desejo de aventura, o entusiasmo pela vida e a cren&#xE7;a nos jovens que s&#xE3;o a marca de bons livros infantis e juvenis.

A express&#xE3;o que define a turma - o avesso dos coroas, o contr&#xE1;rio dos caretas - tem apelo forte para um p&#xFA;blico jovem ao frisar o car&#xE1;ter contestador e ousado dos her&#xF3;is das hist&#xF3;rias, exemplares do contagioso protagonismo da juventude.</subfield>
  </datafield>
  <datafield tag="650" ind1=" " ind2="0">
    <subfield code="a">Literatura Brasileira</subfield>
    <subfield code="9">205</subfield>
  </datafield>
  <datafield tag="650" ind1=" " ind2="0">
    <subfield code="a">Infantojuvenil</subfield>
    <subfield code="9">200</subfield>
  </datafield>
  <datafield tag="650" ind1=" " ind2="0">
    <subfield code="a">Romance juvenil</subfield>
    <subfield code="9">981</subfield>
  </datafield>
  <datafield tag="650" ind1=" " ind2="0">
    <subfield code="a">Amizade</subfield>
    <subfield code="9">556</subfield>
  </datafield>
  <datafield tag="655" ind1=" " ind2="0">
    <subfield code="a">Romance</subfield>
    <subfield code="9">23</subfield>
  </datafield>
  <datafield tag="655" ind1=" " ind2="0">
    <subfield code="a">Fic&#xE7;&#xE3;o </subfield>
    <subfield code="9">22</subfield>
  </datafield>
  <datafield tag="700" ind1=" " ind2=" ">
    <subfield code="a">Kris Zullo</subfield>
    <subfield code="e">ILUSTRADOR</subfield>
    <subfield code="9">980</subfield>
  </datafield>
  <datafield tag="942" ind1=" " ind2=" ">
    <subfield code="2">ddc</subfield>
    <subfield code="n">0</subfield>
    <subfield code="c">BK</subfield>
  </datafield>
  <datafield tag="952" ind1=" " ind2=" ">
    <subfield code="0">0</subfield>
    <subfield code="1">0</subfield>
    <subfield code="2">ddc</subfield>
    <subfield code="4">0</subfield>
    <subfield code="7">0</subfield>
    <subfield code="8">FIC</subfield>
    <subfield code="a">BIBIB</subfield>
    <subfield code="b">BIBIB</subfield>
    <subfield code="c">IJ</subfield>
    <subfield code="d">2025-07-01</subfield>
    <subfield code="e">doa&#xE7;&#xE3;o</subfield>
    <subfield code="l">0</subfield>
    <subfield code="o">IJ 028.5 / B214g</subfield>
    <subfield code="p">2025-17376</subfield>
    <subfield code="r">2025-07-01 08:45:58</subfield>
    <subfield code="w">2025-07-01</subfield>
    <subfield code="y">BK</subfield>
  </datafield>
  <datafield tag="999" ind1=" " ind2=" ">
    <subfield code="c">445</subfield>
    <subfield code="d">445</subfield>
  </datafield>
</record>
